[Event "SR 2. liga A 2009/2010"]
[Site "?"]
[Date "2009.10.11"]
[Round "2.8"]
[White "Stefan, Oldrich"]
[Black "Pericka, Tomas"]
[Result "1/2-1/2"]
[WhiteElo "2015"]
[BlackElo "1910"]
[PlyCount "37"]
[EventDate "2009.??.??"]
[WhiteTeam "Slovakia"]
[BlackTeam "II"]
[WhiteTeamCountry "SVK"]
[BlackTeamCountry "SVK"]

1. d4 d5 2. Nf3 e6 3. c4 c6 4. Nc3 Nf6 5. e3 Be7 6. Qc2 Nbd7 7. b3 O-O 8. Be2
dxc4 9. bxc4 c5 10. O-O b6 11. d5 exd5 12. cxd5 Bd6 13. Bb2 Ne5 14. Nb5 Nxf3+
15. Bxf3 Ng4 16. Bxg4 Bxg4 17. f3 Bh5 18. Qc3 f6 19. Nxd6 1/2-1/2

[Event "SR 2. liga A 2009/2010"]
[Site "?"]
[Date "2009.10.11"]
[Round "2.8"]
[White "Sustak, Roman"]
[Black "Sosovicka, Matej"]
[Result "1-0"]
[WhiteElo "1923"]
[BlackElo "1832"]
[PlyCount "51"]
[EventDate "2009.??.??"]
[WhiteTeam "Slovakia"]
[BlackTeam "II"]
[WhiteTeamCountry "SVK"]
[BlackTeamCountry "SVK"]

1. Nf3 d5 2. c4 d4 3. g3 Nf6 4. Bg2 Nc6 5. O-O e5 6. d3 h6 7. a3 a5 8. e3 Be7
9. exd4 exd4 10. Re1 O-O 11. Nbd2 Bf5 12. Ne4 Nxe4 13. dxe4 Bg4 14. Bf4 g5 15.
Bd2 Ne5 16. Qb3 a4 17. Qd1 Nxc4 18. Qc2 Nxd2 19. Qxd2 c5 20. Ne5 Be6 21. Qe2
Qc7 22. f4 Rab8 23. Qh5 Kh7 24. fxg5 Qxe5 25. g6+ fxg6 26. Qxe5 1-0

[Event "SR 2. liga A 2009/2010"]
[Site "?"]
[Date "2009.10.11"]
[Round "2.8"]
[White "Ujhelyi, Matus"]
[Black "Raczko, Peter"]
[Result "1-0"]
[WhiteElo "1983"]
[BlackElo "1962"]
[PlyCount "69"]
[EventDate "2009.??.??"]
[WhiteTeam "Slovakia"]
[BlackTeam "II"]
[WhiteTeamCountry "SVK"]
[BlackTeamCountry "SVK"]

1. e4 d6 2. d4 Nf6 3. Bd3 g6 4. Nf3 Bg7 5. O-O c6 6. c4 Qc7 7. Nc3 Bg4 8. h3
Bxf3 9. Qxf3 Nbd7 10. Re1 e5 11. d5 O-O 12. Be3 a6 13. Rac1 c5 14. a3 Rab8 15.
b4 b6 16. Qd1 Rb7 17. Re2 Nh5 18. Rb2 Nf4 19. Bf1 f5 20. g3 fxe4 21. bxc5 dxc5
22. Nxe4 Nh5 23. Bg2 Qd8 24. d6 Ra7 25. Bg5 Nhf6 26. Rcb1 h6 27. Bxf6 Bxf6 28.
Qg4 Kh7 29. Nxf6+ Qxf6 30. Rd2 Rd8 31. Bc6 Nf8 32. d7 h5 33. Qh4 Qxh4 34. gxh4
Ne6 35. Rd6 1-0

[Event "SR 2. liga A 2009/2010"]
[Site "?"]
[Date "2009.11.07"]
[Round "3.1"]
[White "Arendas, Marek"]
[Black "Federic, Jozef"]
[Result "0-1"]
[WhiteElo "2077"]
[BlackElo "2262"]
[PlyCount "46"]
[EventDate "2009.??.??"]
[WhiteTeam "Slovakia"]
[BlackTeam "II"]
[WhiteTeamCountry "SVK"]
[BlackTeamCountry "SVK"]

1. e4 c5 2. Nf3 e6 3. d4 cxd4 4. Nxd4 Nf6 5. Bd3 Nc6 6. Nxc6 bxc6 7. c4 e5 8.
O-O Bc5 9. Nc3 d6 10. Bg5 h6 11. Bh4 g5 12. Bg3 h5 13. h4 Ng4 14. Qd2 gxh4 15.
Bh2 h3 16. g3 Qf6 17. Qe2 h4 18. Nd1 Rg8 19. Kh1 Nxh2 20. Kxh2 Bg4 21. Qd2 Bxd1
22. Raxd1 Qf3 23. Rg1 Bxf2 0-1

[Event "SR 2. liga A 2009/2010"]
[Site "?"]
[Date "2009.11.07"]
[Round "3.1"]
[White "Cechovic, Stefan"]
[Black "Polacik, Igor"]
[Result "1/2-1/2"]
[WhiteElo "2181"]
[BlackElo "2186"]
[PlyCount "23"]
[EventDate "2009.??.??"]
[WhiteTeam "Slovakia"]
[BlackTeam "II"]
[WhiteTeamCountry "SVK"]
[BlackTeamCountry "SVK"]

1. Nf3 Nf6 2. c4 e6 3. g3 b6 4. Bg2 Bb7 5. d4 Bb4+ 6. Bd2 Be7 7. Nc3 d5 8. O-O
O-O 9. cxd5 exd5 10. Rc1 Nbd7 11. Bg5 Ne4 12. Bxe7 1/2-1/2

[Event "SR 2. liga A 2009/2010"]
[Site "?"]
[Date "2009.11.07"]
[Round "3.1"]
[White "Kundrik, Peter"]
[Black "Rachela, Milan"]
[Result "0-1"]
[WhiteElo "2229"]
[BlackElo "2346"]
[PlyCount "90"]
[EventDate "2009.??.??"]
[WhiteTeam "Slovakia"]
[BlackTeam "II"]
[WhiteTeamCountry "SVK"]
[BlackTeamCountry "SVK"]

1. e4 e5 2. Nf3 Nc6 3. Bb5 a6 4. Ba4 Nf6 5. O-O Be7 6. Re1 b5 7. Bb3 d6 8. c3
O-O 9. h3 Na5 10. Bc2 d5 11. exd5 e4 12. Ne5 Bb7 13. d4 exd3 14. Qxd3 Qxd5 15.
Qxd5 Bxd5 16. Bf4 Rfe8 17. Nd2 Nh5 18. Be3 Bd6 19. Nef3 Rab8 20. Ng5 h6 21.
Nge4 Be7 22. Bc5 Kf8 23. g3 Nb7 24. Bxe7+ Rxe7 25. Bb3 Bc6 26. g4 Nf4 27. Re3
Rbe8 28. Rae1 Bxe4 29. Nxe4 Nxh3+ 30. Rxh3 Rxe4 31. Rxe4 Rxe4 32. Rg3 Re2 33.
g5 hxg5 34. Rxg5 f6 35. Rd5 Ke7 36. c4 c6 37. Rh5 Na5 38. cxb5 axb5 39. Bg8
Rxb2 40. Rh7 Kf8 41. Rh8 g6 42. Bb3+ Ke7 43. Rh7+ Kd6 44. Bf7 Nc4 45. Rh4 Ne5
0-1

[Event "SR 2. liga A 2009/2010"]
[Site "?"]
[Date "2009.11.07"]
[Round "3.1"]
[White "Matejovic, Juraj"]
[Black "Pacher, Milan"]
[Result "0-1"]
[WhiteElo "2239"]
[BlackElo "2366"]
[PlyCount "56"]
[EventDate "2009.??.??"]
[WhiteTeam "Slovakia"]
[BlackTeam "II"]
[WhiteTeamCountry "SVK"]
[BlackTeamCountry "SVK"]

1. e4 c6 2. d4 d5 3. Nd2 dxe4 4. Nxe4 Nf6 5. Nxf6+ gxf6 6. Nf3 Bf5 7. Bd3 Bg6
8. O-O Nd7 9. Qe2 Qc7 10. Rd1 O-O-O 11. c4 e5 12. Bxg6 hxg6 13. dxe5 fxe5 14.
Bg5 f6 15. Rxd7 Rxd7 16. Bxf6 Bg7 17. Bxg7 Rxg7 18. Nxe5 Kb8 19. Ng4 Re7 20.
Qf3 Qd6 21. h3 Qd4 22. Qg3+ Ka8 23. Qb3 Re2 24. Rd1 Qxb2 25. Qd3 Ree8 26. Qxg6
Qxa2 27. Ne3 a6 28. h4 Qe2 0-1

[Event "SR 2. liga A 2009/2010"]
[Site "?"]
[Date "2009.11.07"]
[Round "3.1"]
[White "Meszaros, Michal"]
[Black "Bezuch, Martin"]
[Result "1-0"]
[WhiteElo "2416"]
[BlackElo "2203"]
[PlyCount "73"]
[EventDate "2009.??.??"]
[WhiteTeam "Slovakia"]
[BlackTeam "II"]
[WhiteTeamCountry "SVK"]
[BlackTeamCountry "SVK"]

1. e4 g6 2. d4 Bg7 3. Nc3 d6 4. Be3 Nd7 5. f4 a6 6. a4 b6 7. Nf3 Bb7 8. Bd3 e6
9. O-O Ne7 10. Qd2 d5 11. e5 c5 12. Nd1 Nf5 13. Bf2 h5 14. c3 Bh6 15. h3 Qc7
16. g4 hxg4 17. hxg4 Ne7 18. Bh4 Nc6 19. Nf2 Na5 20. Rae1 Bc6 21. Bc2 Bf8 22.
f5 gxf5 23. gxf5 Bh6 24. Bg5 Rg8 25. fxe6 fxe6 26. Kh2 Nc4 27. Qf4 Rxg5 28.
Nxg5 O-O-O 29. Nfh3 Rf8 30. Qg3 Rg8 31. Bh7 Rg7 32. Rf7 Rxf7 33. Nxf7 Nf8 34.
Qg8 Be8 35. Nxh6 Qe7 36. Rf1 Ne3 37. Rxf8 1-0

[Event "SR 2. liga A 2009/2010"]
[Site "?"]
[Date "2009.11.07"]
[Round "3.1"]
[White "Tibensky, Robert"]
[Black "Kovac, Andrej"]
[Result "1-0"]
[WhiteElo "2401"]
[BlackElo "2109"]
[PlyCount "65"]
[EventDate "2009.??.??"]
[WhiteTeam "Slovakia"]
[BlackTeam "II"]
[WhiteTeamCountry "SVK"]
[BlackTeamCountry "SVK"]

1. d4 Nf6 2. c4 g6 3. g3 Bg7 4. Bg2 O-O 5. e4 d6 6. Ne2 e5 7. f3 Re8 8. Be3
Nbd7 9. Nbc3 c6 10. O-O Qb6 11. Qd2 Qa6 12. b3 b5 13. cxb5 cxb5 14. a4 bxa4 15.
Rxa4 Qb7 16. Rfa1 Nb6 17. Ra5 a6 18. Kh1 Bd7 19. Qd3 Bc8 20. f4 Nfd7 21. b4 Qc7
22. Rc1 Qc4 23. Qb1 Qe6 24. Ra2 Nc4 25. Bg1 Bb7 26. Nd5 Rec8 27. Qd3 Bxd5 28.
exd5 Qf5 29. Be4 Qh5 30. Rxc4 Rxc4 31. Qxc4 Nb6 32. Qc6 f5 33. Bg2 1-0

[Event "SR 2. liga A 2009/2010"]
[Site "?"]
[Date "2009.11.07"]
[Round "3.2"]
[White "Federic, Pavol"]
[Black "Puchart, Vladimir"]
[Result "0-1"]
[WhiteElo "2190"]
[BlackElo "2047"]
[PlyCount "82"]
[EventDate "2009.??.??"]
[WhiteTeam "Slovakia"]
[BlackTeam "II"]
[WhiteTeamCountry "SVK"]
[BlackTeamCountry "SVK"]

1. e4 c5 2. Nf3 d6 3. d4 cxd4 4. Nxd4 Nf6 5. Nc3 a6 6. Be2 e5 7. Nb3 Be7 8. O-O
O-O 9. a4 Be6 10. Be3 Nbd7 11. f3 Nb6 12. Qe1 Nc4 13. Bxc4 Bxc4 14. Rf2 b5 15.
Nd2 Qc7 16. Nxc4 Qxc4 17. a5 d5 18. exd5 Bb4 19. Bd2 Bc5 20. Be3 Bb4 21. Re2
Nxd5 22. Bd2 Nxc3 23. bxc3 Bc5+ 24. Kh1 f6 25. Re4 Qf7 26. c4 bxc4 27. Ra4 Rac8
28. Raxc4 Bd4 29. Rxc8 Rxc8 30. c3 Bc5 31. f4 Bd6 32. Qe2 Qd5 33. c4 Qc6 34. f5
Bc5 35. Rh4 Rb8 36. Bc1 Rb1 37. Qc2 Qb7 38. Rh3 Qe4 39. Qd2 Qd4 40. Qe1 Bb4 41.
Qf1 Bd2 0-1

[Event "SR 2. liga A 2009/2010"]
[Site "?"]
[Date "2009.11.07"]
[Round "3.2"]
[White "Hrivnak, Martin"]
[Black "Hartl, Jan"]
[Result "0-1"]
[WhiteElo "2208"]
[BlackElo "2131"]
[PlyCount "70"]
[EventDate "2009.??.??"]
[WhiteTeam "Slovakia"]
[BlackTeam "II"]
[WhiteTeamCountry "SVK"]
[BlackTeamCountry "SVK"]

1. Nf3 c5 2. g3 Nf6 3. Bg2 g6 4. O-O Bg7 5. c4 O-O 6. Nc3 d5 7. cxd5 Nxd5 8. d3
Nc6 9. Bd2 e6 10. Rb1 b6 11. Qa4 Bb7 12. Bg5 f6 13. Bd2 Qd7 14. Qh4 Rad8 15.
Bh6 Nce7 16. Bxg7 Kxg7 17. Rfd1 Nf5 18. Qc4 Nc7 19. Ne5 Qc8 20. Nc6 Bxc6 21.
Bxc6 Rd4 22. Qb3 Rb4 23. Qa3 Nd4 24. Ba4 Qb7 25. Rd2 h5 26. f3 h4 27. Kg2 Rh8
28. Rf1 e5 29. Bd7 Rd8 30. Ba4 g5 31. g4 h3+ 32. Kxh3 Rh8+ 33. Kg2 f5 34. e3
Nxf3 35. Rxf3 Rxg4+ 0-1

[Event "SR 2. liga A 2009/2010"]
[Site "?"]
[Date "2009.11.07"]
[Round "3.2"]
[White "Janos, Martin"]
[Black "Gasa, Andrej"]
[Result "1/2-1/2"]
[WhiteElo "2192"]
[BlackElo "2220"]
[PlyCount "124"]
[EventDate "2009.??.??"]
[WhiteTeam "Slovakia"]
[BlackTeam "II"]
[WhiteTeamCountry "SVK"]
[BlackTeamCountry "SVK"]

1. d4 d5 2. c4 c6 3. b3 Nf6 4. Nc3 g6 5. Nf3 Bg7 6. e3 O-O 7. Be2 c5 8. O-O
cxd4 9. exd4 Nc6 10. h3 b6 11. Re1 Bb7 12. Ba3 Re8 13. Bf1 e6 14. Qd3 Ba6 15.
Rac1 Rc8 16. Nb5 Ne4 17. Qe3 Qd7 18. c5 bxc5 19. dxc5 Qb7 20. Nd6 Nxd6 21. cxd6
Bxf1 22. Rxf1 Nb8 23. Qf4 Nd7 24. Qa4 a6 25. Rc7 Rxc7 26. dxc7 Qb5 27. Qf4 e5
28. Qh4 f6 29. Rc1 Rc8 30. Qg4 f5 31. Qg5 Bf6 32. Qd2 Qb7 33. Bd6 d4 34. Qe2
Qb5 35. Nxd4 Qxe2 36. Nxe2 Kf7 37. Rc6 Be7 38. Bxe7 Kxe7 39. Nc3 Nf6 40. Rxa6
Rxc7 41. Rxf6 Rxc3 42. Ra6 Rc1+ 43. Kh2 f4 44. f3 Rc2 45. a4 e4 46. fxe4 f3 47.
Kg1 Rxg2+ 48. Kf1 Rb2 49. Rb6 g5 50. a5 h5 51. a6 g4 52. hxg4 hxg4 53. Rg6 Kf7
54. a7 Ra2 55. Rxg4 Rxa7 56. Rf4+ Ke6 57. Rxf3 Ke5 58. Re3 Ra2 59. Ke1 Kd4 60.
Rh3 Kxe4 61. Kd1 Kd4 62. Kc1 Rg2 1/2-1/2

[Event "SR 2. liga A 2009/2010"]
[Site "?"]
[Date "2009.11.07"]
[Round "3.2"]
[White "Kleman, Miroslav"]
[Black "Skreno, Vladimir"]
[Result "1/2-1/2"]
[WhiteElo "2222"]
[BlackElo "2175"]
[PlyCount "56"]
[EventDate "2009.??.??"]
[WhiteTeam "Slovakia"]
[BlackTeam "II"]
[WhiteTeamCountry "SVK"]
[BlackTeamCountry "SVK"]

1. e4 e6 2. d4 d5 3. e5 c5 4. Nc3 Nc6 5. Nf3 Qb6 6. a3 Bd7 7. Ne2 cxd4 8. Nexd4
Bc5 9. c3 Nge7 10. b4 Bxd4 11. cxd4 Nf5 12. Be3 Rc8 13. Rc1 O-O 14. Bd3 Nxe3
15. fxe3 Ne7 16. Rc5 h6 17. O-O Rxc5 18. dxc5 Qc7 19. e4 b6 20. exd5 Nxd5 21.
Qe2 Nf4 22. Qe4 Nxd3 23. Qxd3 bxc5 24. Rc1 c4 25. Qxc4 Qb6+ 26. Qd4 Bb5 27.
Qxb6 axb6 28. Nd4 Ba4 1/2-1/2

[Event "SR 2. liga A 2009/2010"]
[Site "?"]
[Date "2009.11.07"]
[Round "3.2"]
[White "Petrik, Stanislav"]
[Black "Kozinka, Roman"]
[Result "1-0"]
[WhiteElo "2183"]
[BlackElo "2044"]
[PlyCount "55"]
[EventDate "2009.??.??"]
[WhiteTeam "Slovakia"]
[BlackTeam "II"]
[WhiteTeamCountry "SVK"]
[BlackTeamCountry "SVK"]

1. e4 c5 2. Nf3 d6 3. Bb5+ Bd7 4. Bxd7+ Qxd7 5. O-O Nc6 6. c3 e6 7. d4 cxd4 8.
cxd4 Nf6 9. d5 Ne5 10. dxe6 Nxf3+ 11. Qxf3 fxe6 12. Nc3 Be7 13. Rd1 O-O 14. Qh3
e5 15. Qd3 Rf7 16. h3 Rc8 17. Be3 Rc6 18. Rac1 a6 19. Nd5 Ne8 20. Rxc6 Qxc6 21.
Rc1 Qd7 22. Nb6 Qe6 23. Rc8 Rf8 24. Qd5 Qf7 25. Qxb7 Nf6 26. Rxf8+ Kxf8 27.
Qxa6 Nxe4 28. Qa8+ 1-0

[Event "SR 2. liga A 2009/2010"]
[Site "?"]
[Date "2009.11.07"]
[Round "3.2"]
[White "Varga, David"]
[Black "Godula, Martin"]
[Result "1-0"]
[WhiteElo "2280"]
[BlackElo "2179"]
[PlyCount "89"]
[EventDate "2009.??.??"]
[WhiteTeam "Slovakia"]
[BlackTeam "II"]
[WhiteTeamCountry "SVK"]
[BlackTeamCountry "SVK"]

1. e4 c5 2. Nf3 d6 3. d4 cxd4 4. Nxd4 Nf6 5. Nc3 g6 6. Be3 Bg7 7. f3 O-O 8. Qd2
Nc6 9. O-O-O d5 10. exd5 Nxd5 11. Nxc6 bxc6 12. Bd4 Nxc3 13. Qxc3 Bh6+ 14. Be3
Bxe3+ 15. Qxe3 Qb6 16. Qxe7 Be6 17. Qa3 Rad8 18. Bd3 Rd5 19. Rhe1 Ra5 20. Qc3
Rxa2 21. Kb1 Rb8 22. b3 Qa5 23. Qxa5 Rxa5 24. Be4 Rh5 25. Bxc6 Rxh2 26. Rd2 Rb6
27. Ba4 Rh4 28. Re4 Rxe4 29. fxe4 Kg7 30. e5 f6 31. exf6+ Kxf6 32. Ka2 h5 33.
c4 Ke7 34. Ka3 a5 35. Bb5 Rb7 36. Ka4 Ra7 37. Bc6 Rc7 38. Bd5 Bc8 39. Kxa5 Ra7+
40. Kb6 Ra1 41. b4 g5 42. b5 Bf5 43. Kc7 Ra7+ 44. Kb8 Rd7 45. b6 1-0

[Event "SR 2. liga A 2009/2010"]
[Site "?"]
[Date "2009.11.07"]
[Round "3.3"]
[White "Janos, Ivan"]
[Black "Kralovic, Andrej"]
[Result "0-1"]
[WhiteElo "2133"]
[BlackElo "2156"]
[PlyCount "71"]
[EventDate "2009.??.??"]
[WhiteTeam "Slovakia"]
[BlackTeam "II"]
[WhiteTeamCountry "SVK"]
[BlackTeamCountry "SVK"]

1. e4 c5 2. Nf3 e6 3. d4 cxd4 4. Nxd4 Nc6 5. Nb5 d6 6. Bf4 e5 7. Be3 Nf6 8.
N5c3 Be6 9. Nd2 d5 10. exd5 Nxd5 11. Nxd5 Qxd5 12. a3 Be7 13. f3 O-O-O 14. Bc4
Qxc4 15. Nxc4 Rxd1+ 16. Rxd1 Bxc4 17. b3 Be6 18. b4 Rd8 19. Rxd8+ Bxd8 20. Kd2
b5 21. c3 f5 22. Re1 Kd7 23. g3 Bd5 24. Ke2 a5 25. Rd1 Ke6 26. g4 fxg4 27. fxg4
a4 28. g5 e4 29. Rg1 Ne5 30. Rg3 g6 31. Rh3 Bc4+ 32. Kd1 Ng4 33. Bd4 Bxg5 34.
Rxh7 e3 35. Rg7 e2+ 36. Ke1 0-1

[Event "SR 2. liga A 2009/2010"]
[Site "?"]
[Date "2009.11.07"]
[Round "3.3"]
[White "Lopatievov, Alexander"]
[Black "Petrik, Karol"]
[Result "1/2-1/2"]
[WhiteElo "2041"]
[BlackElo "2181"]
[PlyCount "77"]
[EventDate "2009.??.??"]
[WhiteTeam "Slovakia"]
[BlackTeam "II"]
[WhiteTeamCountry "SVK"]
[BlackTeamCountry "SVK"]

1. c4 c5 2. Nc3 Nf6 3. g3 g6 4. Bg2 Bg7 5. Nf3 O-O 6. e3 Nc6 7. d4 d6 8. O-O
Bd7 9. b3 Qc8 10. Bb2 Bh3 11. d5 Nb4 12. a3 Na6 13. Qc2 Nc7 14. Rfe1 Bxg2 15.
Kxg2 b5 16. e4 Rb8 17. h3 Qb7 18. Rab1 Nd7 19. Nd1 Bxb2 20. Rxb2 Qa6 21. e5
bxc4 22. bxc4 Rxb2 23. Nxb2 dxe5 24. Nxe5 Nxe5 25. Rxe5 e6 26. dxe6 Nxe6 27.
Qc3 Rd8 28. Kh2 Qb7 29. Re3 Rd4 30. Qb3 Qd7 31. Qb8+ Qd8 32. Qxd8+ Rxd8 33. Rd3
Rb8 34. Na4 Rb1 35. Kg2 Rc1 36. Rc3 Rd1 37. Rb3 Kg7 38. Rb5 Ra1 39. Nxc5
1/2-1/2

[Event "SR 2. liga A 2009/2010"]
[Site "?"]
[Date "2009.11.07"]
[Round "3.3"]
[White "Malar, Pavol"]
[Black "Janos, Jozef"]
[Result "1-0"]
[WhiteElo "2133"]
[BlackElo "2275"]
[PlyCount "99"]
[EventDate "2009.??.??"]
[WhiteTeam "Slovakia"]
[BlackTeam "II"]
[WhiteTeamCountry "SVK"]
[BlackTeamCountry "SVK"]

1. e4 c5 2. Nf3 e6 3. d3 Nc6 4. g3 Nf6 5. Bg2 Be7 6. O-O O-O 7. Re1 d6 8. Nbd2
Rb8 9. a4 a6 10. Nf1 Qc7 11. h4 b5 12. axb5 axb5 13. c3 e5 14. Ne3 h6 15. Nd5
Nxd5 16. exd5 Nd8 17. d4 exd4 18. cxd4 c4 19. Bd2 Bg4 20. Qe2 Bf6 21. Qe4 Qd7
22. Ra6 Nb7 23. Bb4 Rfe8 24. Qf4 Rxe1+ 25. Nxe1 Be7 26. Be4 g5 27. Qe3 Kg7 28.
f3 Bh5 29. g4 Bg6 30. h5 Bxe4 31. Qxe4 Bf6 32. Ra7 Kf8 33. Nc2 Re8 34. Qh7 Re2
35. Qxh6+ Ke7 36. Qh7 Rxc2 37. Qe4+ Kf8 38. Ra8+ Kg7 39. Qxc2 Bxd4+ 40. Kg2 Qe7
41. Bc3 Qe3 42. Bxd4+ Qxd4 43. Qc3 Qxc3 44. bxc3 Nc5 45. Rd8 b4 46. cxb4 c3 47.
Ra8 Nd3 48. b5 Nf4+ 49. Kf2 Nxd5 50. Rc8 1-0

[Event "SR 2. liga A 2009/2010"]
[Site "?"]
[Date "2009.11.07"]
[Round "3.3"]
[White "Mihalik, Marek"]
[Black "Petenyi, Tamas"]
[Result "0-1"]
[WhiteElo "2090"]
[BlackElo "2261"]
[PlyCount "108"]
[EventDate "2009.??.??"]
[WhiteTeam "Slovakia"]
[BlackTeam "II"]
[WhiteTeamCountry "SVK"]
[BlackTeamCountry "SVK"]

1. d4 Nf6 2. c4 e6 3. Nc3 Bb4 4. Nf3 b6 5. Bg5 Bb7 6. e3 h6 7. Bh4 g5 8. Bg3
Ne4 9. Qc2 f5 10. Ne5 Qf6 11. Nd3 Bxc3+ 12. bxc3 Nxg3 13. hxg3 Nc6 14. c5 e5
15. cxb6 axb6 16. Be2 O-O-O 17. O-O-O Kb8 18. Rh2 d6 19. Rdh1 f4 20. gxf4 gxf4
21. Bf3 fxe3 22. fxe3 e4 23. Bxe4 Nxd4 24. exd4 Bxe4 25. Qd2 Qf5 26. Rh5 Qf7
27. Ne1 Kb7 28. a4 Qb3 29. Qb2 Qxa4 30. Rxh6 Rxh6 31. Rxh6 Qc4 32. Rf6 Ra8 33.
Rf2 Ra5 34. g4 Rb5 35. Qa1 Rb1+ 36. Qxb1 Bxb1 37. Kxb1 Qxc3 38. Nc2 Qg3 39. Rd2
Qxg4 40. d5 Qc4 41. Rd4 Qc3 42. Rb4 c5 43. dxc6+ Qxc6 44. Kb2 Qc5 45. Kb3 d5
46. Rd4 Kc7 47. Rb4 Qg1 48. Rd4 Kd6 49. Kc3 Kc5 50. Rb4 Qc1 51. Rb2 d4+ 52. Kb3
d3 53. Nb4 Qc4+ 54. Ka3 d2 0-1

[Event "SR 2. liga A 2009/2010"]
[Site "?"]
[Date "2009.11.07"]
[Round "3.3"]
[White "Pagerka, Martin"]
[Black "Sosovicka, Juraj"]
[Result "1-0"]
[WhiteElo "2097"]
[BlackElo "2066"]
[PlyCount "91"]
[EventDate "2009.??.??"]
[WhiteTeam "Slovakia"]
[BlackTeam "II"]
[WhiteTeamCountry "SVK"]
[BlackTeamCountry "SVK"]

1. d4 d5 2. Nf3 Nf6 3. c4 c6 4. e3 e6 5. Nbd2 Nbd7 6. Bd3 Bd6 7. O-O O-O 8. e4
e5 9. exd5 cxd5 10. cxd5 exd4 11. Nc4 Bc5 12. Bg5 Nb6 13. Nce5 h6 14. Qc1 hxg5
15. Qxc5 Qxd5 16. Qxd5 Nfxd5 17. Nxg5 Nf4 18. Rfe1 Nxd3 19. Nxd3 Bf5 20. Rad1
f6 21. Nf3 Rfe8 22. Rxe8+ Rxe8 23. Nde1 d3 24. Nxd3 Rd8 25. Nfe1 Na4 26. f3 Nc5
27. Nf2 Re8 28. Kf1 Be6 29. b3 Kf7 30. Ned3 Nxd3 31. Rxd3 Rc8 32. Ne4 Ke7 33.
Ke2 Bf5 34. Rc3 Rd8 35. Rc7+ Rd7 36. Rxd7+ Kxd7 37. h4 Kc6 38. Kd3 Kd5 39. g4
Bh7 40. Ke3 a5 41. h5 Ke5 42. f4+ Kd5 43. f5 Ke5 44. Nc5 b5 45. Ne6 Bg8 46.
Nxg7 1-0

[Event "SR 2. liga A 2009/2010"]
[Site "?"]
[Date "2009.11.07"]
[Round "3.3"]
[White "Sturdik, Igor"]
[Black "Mydlarik, Martin"]
[Result "1/2-1/2"]
[WhiteElo "2047"]
[BlackElo "2169"]
[PlyCount "49"]
[EventDate "2009.??.??"]
[WhiteTeam "Slovakia"]
[BlackTeam "II"]
[WhiteTeamCountry "SVK"]
[BlackTeamCountry "SVK"]

1. e4 d5 2. exd5 Qxd5 3. Nc3 Qa5 4. d4 Nf6 5. Nf3 Bf5 6. Ne5 c6 7. Bd3 Bxd3 8.
Qxd3 e6 9. O-O Nbd7 10. Nxd7 Nxd7 11. Bf4 Be7 12. Rfe1 Nf6 13. Be5 O-O-O 14. a3
Ng4 15. Qf3 Nxe5 16. Rxe5 Qb6 17. Qxf7 Bf6 18. Na4 Qc7 19. Qxc7+ Kxc7 20. Re2
Bxd4 21. c3 Bb6 22. Rae1 Rhe8 23. Nxb6 axb6 24. f4 Kd7 25. Kf2 1/2-1/2

[Event "SR 2. liga A 2009/2010"]
[Site "?"]
[Date "2009.11.07"]
[Round "3.4"]
[White "Biro, Karol"]
[Black "Mackovic, Miroslav"]
[Result "1-0"]
[WhiteElo "2166"]
[BlackElo "1963"]
[PlyCount "69"]
[EventDate "2009.??.??"]
[WhiteTeam "Slovakia"]
[BlackTeam "II"]
[WhiteTeamCountry "SVK"]
[BlackTeamCountry "SVK"]

1. c4 g6 2. Nc3 Bg7 3. g3 Nc6 4. Bg2 Nf6 5. d4 O-O 6. e3 Rb8 7. Nge2 a6 8. O-O
d6 9. b3 Na5 10. a4 Nc6 11. Ra2 Bd7 12. Ba3 Qc8 13. Nf4 Re8 14. Ncd5 e5 15.
Nxf6+ Bxf6 16. Nd5 Bg7 17. dxe5 dxe5 18. Rd2 Be6 19. Qa1 b5 20. cxb5 axb5 21.
axb5 Bxd5 22. Bxd5 Na7 23. Rfd1 Rxb5 24. Bc5 Rxc5 25. Qxa7 Bf8 26. Bc4 Be7 27.
Rd7 Rc6 28. Bb5 Bc5 29. Qa4 Rce6 30. R7d5 c6 31. Ba6 Qb8 32. Rxc5 Qb6 33. Ra5
Ra8 34. Ra1 c5 35. Bc4 1-0

[Event "SR 2. liga A 2009/2010"]
[Site "?"]
[Date "2009.11.07"]
[Round "3.4"]
[White "Bury, Rastislav"]
[Black "Syrovy, Ivan"]
[Result "1-0"]
[WhiteElo "2066"]
[BlackElo "2088"]
[PlyCount "63"]
[EventDate "2009.??.??"]
[WhiteTeam "Slovakia"]
[BlackTeam "II"]
[WhiteTeamCountry "SVK"]
[BlackTeamCountry "SVK"]

1. d4 d6 2. c4 Nd7 3. Nf3 Ngf6 4. Nc3 c6 5. g3 e5 6. e4 Be7 7. Bg2 O-O 8. O-O
Qc7 9. h3 a6 10. Be3 b6 11. Nd2 b5 12. Rc1 b4 13. Ne2 exd4 14. Nxd4 Bb7 15. f4
Rfe8 16. g4 c5 17. Nf5 Nf8 18. g5 N6d7 19. h4 Nb8 20. h5 Nc6 21. Qg4 Ne6 22. g6
Bf6 23. e5 dxe5 24. Ne4 fxg6 25. Nxf6+ gxf6 26. Nh6+ Kg7 27. f5 Nf8 28. fxg6
hxg6 29. Nf5+ Kh8 30. hxg6 Ne6 31. Qh4+ Kg8 32. Qxf6 1-0

[Event "SR 2. liga A 2009/2010"]
[Site "?"]
[Date "2009.11.07"]
[Round "3.4"]
[White "Hricak, Vasil"]
[Black "Polasek, Filip"]
[Result "0-1"]
[WhiteElo "2100"]
[BlackElo "2072"]
[PlyCount "78"]
[EventDate "2009.??.??"]
[WhiteTeam "Slovakia"]
[BlackTeam "II"]
[WhiteTeamCountry "SVK"]
[BlackTeamCountry "SVK"]

1. e4 e5 2. Nf3 Nc6 3. Bc4 Bc5 4. c3 Nf6 5. d4 exd4 6. cxd4 Bb4+ 7. Nc3 d5 8.
exd5 Qe7+ 9. Be3 Na5 10. Bb5+ Bd7 11. Bxd7+ Nxd7 12. O-O O-O 13. Qc2 Nc4 14.
Rfe1 Bxc3 15. bxc3 Qd6 16. Qf5 Nf6 17. Rab1 b6 18. Qd3 Nxe3 19. fxe3 Nxd5 20.
e4 Nf4 21. Qd2 Ng6 22. e5 Qd5 23. c4 Qxc4 24. Rec1 Qd5 25. Rxc7 Rfc8 26. Rbc1
Rxc7 27. Rxc7 h6 28. Qc2 Nh4 29. Qf2 Nxf3+ 30. gxf3 a5 31. Rc2 Rd8 32. Rd2 b5
33. f4 Qe4 34. h4 Rc8 35. Kh2 Rc1 36. Kg3 Rc3+ 37. Kh2 Rf3 38. Qg2 Qxf4+ 39.
Kh1 Rf1+ 0-1

[Event "SR 2. liga A 2009/2010"]
[Site "?"]
[Date "2009.11.07"]
[Round "3.4"]
[White "Lehocky, Viktor"]
[Black "Mihalik, Anton"]
[Result "1-0"]
[WhiteElo "2095"]
[BlackElo "1961"]
[PlyCount "65"]
[EventDate "2009.??.??"]
[WhiteTeam "Slovakia"]
[BlackTeam "II"]
[WhiteTeamCountry "SVK"]
[BlackTeamCountry "SVK"]

1. d4 d5 2. c4 e6 3. Nf3 Nf6 4. e3 Be7 5. Bd3 O-O 6. O-O Nbd7 7. b3 c6 8. Nbd2
Qa5 9. Qc2 h6 10. Bb2 Ba3 11. Bxa3 Qxa3 12. Rad1 Qe7 13. Rfe1 Qd6 14. Qc3 b6
15. Ne5 Bb7 16. e4 dxe4 17. Nxe4 Nxe4 18. Bxe4 Rac8 19. c5 Qc7 20. b4 Nf6 21.
Nc4 Rcd8 22. Nd6 Ba8 23. Bc2 Ne8 24. Qd3 g6 25. Qh3 Nxd6 26. cxd6 Rxd6 27. Qxh6
e5 28. Rxe5 Rxd4 29. Rde1 Rd5 30. Re7 Qd6 31. R1e6 Rd1+ 32. Bxd1 Qxd1+ 33. Re1
1-0

[Event "SR 2. liga A 2009/2010"]
[Site "?"]
[Date "2009.11.07"]
[Round "3.4"]
[White "Prielozny, Marek"]
[Black "Bukovsky, Milan"]
[Result "1-0"]
[WhiteElo "1998"]
[BlackElo "2017"]
[PlyCount "111"]
[EventDate "2009.??.??"]
[WhiteTeam "Slovakia"]
[BlackTeam "II"]
[WhiteTeamCountry "SVK"]
[BlackTeamCountry "SVK"]

1. d4 Nf6 2. Nf3 g6 3. c4 d5 4. Bf4 Bg7 5. e3 O-O 6. Nc3 c5 7. dxc5 Ne4 8. Qb3
Nxc3 9. bxc3 Qa5 10. Be5 dxc4 11. Bxc4 Bxe5 12. Nxe5 e6 13. Nd3 Bd7 14. h4 Na6
15. Bxa6 Qxa6 16. Ne5 Ba4 17. Qb4 Rad8 18. h5 Bc2 19. hxg6 Bxg6 20. Qh4 Kg7 21.
Qh6+ Kf6 22. Qf4+ Ke7 23. Qg5+ Ke8 24. Ng4 Kd7 25. Ne5+ Kc8 26. Qf4 Qb5 27. Qb4
Qxb4 28. cxb4 Rd5 29. Nxg6 hxg6 30. Ke2 a5 31. a3 Kc7 32. Rad1 Rfd8 33. Rxd5
Rxd5 34. Rd1 Rg5 35. g3 axb4 36. axb4 b6 37. cxb6+ Kxb6 38. Rd7 Rf5 39. e4 Rf6
40. Ke3 Kc6 41. Ra7 Kb5 42. g4 g5 43. Ra5+ Kxb4 44. Rxg5 Kc4 45. Rg7 e5 46. Rg5
Re6 47. f4 exf4+ 48. Kxf4 Kd3 49. Rd5+ Ke2 50. Kf5 Ke3 51. e5 Re7 52. Rd8 Kf3
53. g5 Ke3 54. Kf6 Re6+ 55. Kxf7 Rxe5 56. g6 1-0